[Event "Catalunya-chT Gp2"]
[Site "Barcelona"]
[Date "2019.01.19"]
[Round "1.9"]
[White "Almeria Vivo, Marc"]
[Black "Sobrerroca Basaganas, Josep"]
[Result "1-0"]
[WhiteElo "2147"]
[BlackElo "1936"]
[PlyCount "85"]
[EventDate "2019.01.19"]
[EventType "team-tourn"]
[EventRounds "7"]
[EventCountry "ESP"]
[SourceTitle "CBM 188 Extra"]
[Source "ChessBase"]
[SourceDate "2019.02.26"]
[SourceVersion "1"]
[SourceVersionDate "2019.02.26"]
[SourceQuality "1"]
[WhiteTeam "Barbera"]
[BlackTeam "Olot"]
[WhiteTeamCountry "ESP"]
[BlackTeamCountry "ESP"]

1. e4 g6 2. d4 Bg7 3. Nc3 d6 4. Be3 Nc6 5. Qd2 e5 6. d5 Nce7 7. 0-0-0 f5 8. f3 a6 9. g3 Bd7 10. h4 h6 11. Nh3 Nf6 12. Bg2 b5 13. Nf2 b4 14. Ne2 Bb5 15. f4 Nh5 16. Rh3 0-0 17. fxe5 dxe5 18. Nd3 fxe4 19. Bxe4 Nf6 20. Bg2 Bxd3 21. Qxd3 Qd6 22. Qc4 Nd7 23. g4 Nc8 24. Ng3 Ncb6 25. Qd3 Nc5 26. Bxc5 Qxc5 27. Qxg6 Rf6 28. Qd3 Rf4 29. Nf5 Rf8 30. Be4 Rxg4 31. Rg3 h5 32. Rxg4 hxg4 33. Qg3 Rxf5 34. Bxf5 Qc4 35. Qxg4 Qxa2 36. Be6+ Kh7 37. Qf5+ Kh6 38. Qg5+ Kh7 39. Bf5+ Kg8 40. Qd8+ Kf7 41. Be6+ Kg6 42. Rg1+ Kh7 43. Bf5+ 1-0

[Event "Barcelona Edami op 8th"]
[Site "Barcelona"]
[Date "2010.03.16"]
[Round "7.2"]
[White "Almeria Vivo, Marc"]
[Black "Costa Trave, Jaume"]
[Result "1-0"]
[WhiteElo "2184"]
[BlackElo "2032"]
[PlyCount "95"]
[EventDate "2010.02.02"]
[EventType "swiss"]
[EventRounds "8"]
[EventCountry "ESP"]
[SourceTitle "EXT 2024"]
[Source "ChessBase"]
[SourceDate "2023.10.10"]
[SourceVersion "1"]
[SourceVersionDate "2023.10.10"]
[SourceQuality "1"]

1. e4 b6 2. d4 Bb7 3. d5 d6 4. c4 e5 5. Nc3 Nf6 6. Nf3 Be7 7. Bd3 Nbd7 8. 0-0 h6 9. h3 g5 10. Nh2 Bc8 11. Be3 Nf8 12. b4 Ng6 13. c5 Nf4 14. Bb5+ Kf8 15. Re1 Rg8 16. Qd2 h5 17. Kh1 bxc5 18. bxc5 Rb8 19. Rab1 dxc5 20. Bf1 Rb4 21. f3 Bd6 22. Rxb4 cxb4 23. Nb5 a5 24. Rc1 g4 25. Nxd6 cxd6 26. Bxf4 exf4 27. fxg4 hxg4 28. Qxf4 gxh3 29. gxh3 Bb7 30. Bg2 Qe7 31. Bf3 Rg6 32. h4 Ng8 33. h5 Rg5 34. Qd2 Qe5 35. Rc7 Ba6 36. Rc6 Qg3 37. Bg4 Rxg4 38. Nxg4 Qxg4 39. Rxa6 Qxh5+ 40. Kg1 Qg4+ 41. Kf2 Nf6 42. Qh6+ Ke7 43. Ra7+ Nd7 44. Qe3 Qg7 45. Kf3 Qe5 46. Qf4 Qh5+ 47. Kg3 Qh8 48. Qg5+ 1-0

[Event "ESP-ch Universities"]
[Site "Madrid"]
[Date "2006.05.06"]
[Round "2"]
[White "Almeria Vivo, Marc"]
[Black "Camarena Gimenez, Rufino"]
[Result "0-1"]
[WhiteElo "2149"]
[BlackElo "2342"]
[PlyCount "62"]
[EventDate "2006.05.06"]
[EventType "team"]
[EventRounds "8"]
[EventCountry "ESP"]
[SourceTitle "CBM 112 Extra"]
[Source "ChessBase"]
[SourceDate "2006.07.14"]
[SourceVersion "1"]
[SourceVersionDate "2006.07.14"]
[SourceQuality "1"]

1. e4 e6 2. d4 d5 3. Nd2 Nf6 4. e5 Nfd7 5. f4 c5 6. c3 Nc6 7. Ndf3 Qb6 8. g3 cxd4 9. cxd4 Bb4+ 10. Kf2 g5 11. fxg5 Ndxe5 12. Nxe5 Nxe5 13. Kg2 Nc6 14. Nf3 Bf8 15. b3 Bg7 16. Bb2 Bd7 17. Rc1 h6 18. Qd2 Qd8 19. g6 fxg6 20. Bd3 0-0 21. Bxg6 Rxf3 22. Rcf1 Rf6 23. Bb1 Qe7 24. Qd3 Rf5 25. g4 Qg5 26. Kh3 h5 27. Rhg1 hxg4+ 28. Rxg4 Qh5+ 29. Rh4 Qg6 30. Ba3 e5 31. Rxf5 e4 0-1

[Event "Banyoles op 3rd"]
[Site "Banyoles"]
[Date "2000.08.07"]
[Round "3"]
[White "Bofill Mas, Alejandro"]
[Black "Almeria Vivo, Marc"]
[Result "1-0"]
[WhiteElo "2362"]
[BlackElo "2093"]
[PlyCount "57"]
[EventDate "2000.08.05"]
[EventType "swiss"]
[EventRounds "9"]
[EventCountry "ESP"]
[SourceTitle "EXT 2001"]
[Source "ChessBase"]
[SourceDate "2000.11.22"]
[SourceVersion "1"]
[SourceVersionDate "2000.11.22"]
[SourceQuality "1"]

1. c4 Nf6 2. g3 e5 3. Bg2 Nc6 4. Nc3 Bc5 5. e3 a5 6. Nge2 d6 7. h3 Bf5 8. d4 exd4 9. exd4 Ba7 10. 0-0 h6 11. Nb5 0-0 12. Nec3 Nb4 13. a3 Nc2 14. Ra2 c6 15. Nxa7 Rxa7 16. g4 Bh7 17. b3 Qb6 18. Rb2 Nxa3 19. d5 c5 20. f4 Qa6 21. g5 hxg5 22. fxg5 Nd7 23. Be4 Bxe4 24. Nxe4 b5 25. Nf6+ Nxf6 26. gxf6 Qc8 27. Qh5 Re8 28. Rg2 g6 29. Qh6 1-0

[Event "Martorell op-A"]
[Site "Martorell"]
[Date "1997.??.??"]
[Round "7"]
[White "Almeria Vivo, Marc"]
[Black "Termes Canals, Jordi"]
[Result "1-0"]
[WhiteElo "2005"]
[BlackElo "2000"]
[PlyCount "51"]
[EventDate "1997.09.??"]
[EventType "swiss"]
[EventRounds "9"]
[EventCountry "ESP"]
[SourceTitle "EXT 2003"]
[Source "ChessBase"]
[SourceDate "2002.11.25"]
[SourceVersion "1"]
[SourceVersionDate "2002.11.25"]
[SourceQuality "1"]

1. d4 Nf6 2. c4 e6 3. Nc3 Bb4 4. Qc2 0-0 5. Nf3 d5 6. a3 Bxc3+ 7. Qxc3 Ne4 8. Qc2 c5 9. dxc5 Nxc5 10. b4 Ne4 11. Bb2 Nc6 12. e3 h6 13. Bd3 f5 14. 0-0 Bd7 15. Rac1 Rc8 16. Ba1 b6 17. Qb2 Qf6 18. Qa2 Qe7 19. cxd5 exd5 20. Qxd5+ Be6 21. Qxe6+ Qxe6 22. Bc4 Qxc4 23. Rxc4 b5 24. Rc2 Rfd8 25. Rfc1 Rc7 26. Ne5 1-0